书目信息 |
| 题名: |
新编养老保险稽核政策问答
|
|
| 作者: | ;劳动和社会保障部书刊发行中心 组织编写 | |
| 分册: | ||
| 出版信息: | 北京 中国人事出版社 2004 |
|
| 页数: | 273页 | |
| 开本: | 20cm | |
| 丛书名: | 新编劳动保障政策问答系列丛书 | |
| 单 册: | ||
| 中图分类: | F842.67-44 | |
| 科图分类: | ||
| 主题词: | 社会保险--She Hui Bao Xian--财政政策--中国--问答 | |
| 电子资源: | ||
| ISBN: | 7-80189-109-0 | |
| 000 | 00934nam2 2200241 450 | |
| 001 | CAL 012004056401 | |
| 005 | 20061123151253.23 | |
| 010 | @a7-80189-109-0@dCNY 24.00 | |
| 099 | @aCAL 012004056401 | |
| 100 | @a20040225d2004 em y0chiy0121 ea | |
| 101 | 0 | @achi |
| 102 | @aCN@b110000 | |
| 200 | 1 | @a新编养老保险稽核政策问答@Axin bian yang lao bao xian ji he zheng ce wen da@f劳动和社会保障部书刊发行中心组织编写 |
| 210 | @a北京@c中国人事出版社@d2004 | |
| 215 | @a273页@d20cm | |
| 225 | 2 | @a新编劳动保障政策问答系列丛书@AXin Bian Lao Dong Bao Zhang Zheng Ce Wen Da Xi Lie Cong Shu |
| 461 | 0 | @12001 @a新编劳动保障政策问答系列丛书 |
| 540 | 1 | @a社会保险稽核政策问答 |
| 606 | 0 | @a社会保险@AShe Hui Bao Xian@x财政政策@y中国@j问答 |
| 690 | @aF842.67-44@v4 | |
| 711 | 02 | @a劳动和社会保障部书刊发行中心@ALao Dong He She Hui Bao Zhang Bu Shu Kan Fa Xing Zhong Xin@4组织编写 |
| 801 | @aCN@c20061123 | |
| 905 | @apdsgxy@dF842.67-44@eL059 | |
| 新编养老保险稽核政策问答/劳动和社会保障部书刊发行中心组织编写.-北京:中国人事出版社,2004 |
| 273页;20cm.-(新编劳动保障政策问答系列丛书) |
| ISBN 7-80189-109-0:CNY 24.00 |
| ● |
| 相关链接 |
|
|
|
正题名:新编养老保险稽核政策问答
索取号:F842.67-44/L059
 
预约/预借
| 序号 | 登录号 | 条形码 | 馆藏地/架位号 | 状态 | 备注 |
| 1 | 615587 | 206155872 | 社科库409/409社科库 55排5列1层/ [索取号:F842.67-44/L059] | 在馆 |